NHL 2017-18 rookies - Statistics

General Stats
  • This quiz has been taken 23 times
  • The average score is 8 of 23
Answer Stats
Current team + number Position Answer % Correct
Devils 13 Forward Nico Hischier
76%
Coyotes 9 Forward Clayton Keller
67%
Bruins 73 Defenseman Charlie McAvoy
57%
Bruins 74 Forward Jake DeBrusk
57%
Kings 9 Forward Adrian Kempe
48%
Flyers 6 Defenseman Travis Sanheim
48%
Blackhawks 12 Forward Alex DeBrincat
38%
Golden Knights 89 Forward Alex Tuch
38%
Stars 34 Forward Denis Gurianov
38%
Hurricanes 88 Forward Martin Necas
38%
Flyers 19 Forward Nolan Patrick
38%
Hurricanes 39 Goaltender Alex Nedeljkovic
33%
Oilers 56 Forward Kailer Yamamoto
33%
Jets 13 Forward Pierre-Luc Dubois
33%
Flames 88 Forward Andrew Mangiapane
29%
Panthers 52 Defenseman MacKenzie Weegar
29%
Avalanche 49 Defenseman Samuel Girard
29%
Blues 29 Defenseman Vince Dunn
29%
Canucks 6 Forward Brock Boeser
19%
Senators 36 Forward Colin White
19%
Panthers 74 Forward Owen Tippett
19%
Avalanche 17 Forward Tyson Jost
19%
Senators 98 Defenseman Victor Mete
14%
No matching quizzes found
Score Distribution
Percent of People with Each Score
Percentile by Number Answered
Your Score History
You have not taken this quiz